Estudios de derecho internacional privado (Record no. 166494)

MARC details
000 -LEADER
campo de control de longitud fija 00649nam a2200157 4500
001 - NÚMERO DE CONTROL
campo de control 166494
003 - IDENTIFICADOR DE NÚMERO DE CONTROL
campo de control ES-MaACL
005 - FECHA Y HORA DE LA ÚLTIMA TRANSACCIÓN
campo de control 20230906213338.0
008 - DATOS DE LONGITUD FIJA--INFORMACIÓN GENERAL
campo de control de longitud fija 950302s1891 sp f |||| | spa d
040 ## - FUENTE DE CATALOGACIÓN
Centro catalogador/agencia de origen EUS
Lengua de catalogación spa
Centro/agencia transcriptor EUS
100 1# - ENTRADA PRINCIPAL--NOMBRE DE PERSONA
Nombre de persona Torres Campos, Manuel.
9 (RLIN) 110934
245 10 - MENCIÓN DEL TÍTULO
Título Estudios de derecho internacional privado
Resto del título : continuación de los elementos de esta ciencia /
Mención de responsabilidad, etc. por Manuel Torres Campos.
260 ## - PUBLICACIÓN, DISTRIBUCIÓN, ETC.
Lugar de publicación, distribución, etc. Madrid :
Nombre del editor, distribuidor, etc. Librería de Fernando Fe,
Fecha de publicación, distribución, etc. 1891 (
Fabricante Est.Tip. de Ricardo Fe)
300 ## - DESCRIPCIÓN FÍSICA
Extensión 132 p. ;
Dimensiones 19 cm.
852 ## - LOCALIZACIÓN
Ubicación ES-MaACL
Número de control de estantería F-12183
Nota libre -- Enc. hol.
-- -- An. ms.: ded. del autor al Ateneo de Madrid
condición física -- Falto de las últimas 4 pp.
Holdings
Estatus retirado Estado de pérdida Estado de daño No para préstamo Colección Biblioteca de origen Biblioteca actual Ubicación en estantería Fecha de adquisición Fuente de adquisición Total de préstamos Signatura topográfica completa Código de barras Visto por última vez Precio de reemplazo Tipo de ítem Koha
        Libros del s. XIX Biblioteca del Ateneo de Madrid Biblioteca del Ateneo de Madrid Sala Pecera Planta 2 17/01/2008     F-12183 1174619 23/02/2023 23/02/2023 Libro impreso antiguo